| 000 | 00755nam a2200241 4500 | ||
|---|---|---|---|
| 001 | 76538 | ||
| 005 | 20260513101548.0 | ||
| 010 | _a978-989-777-829-2 | ||
| 090 | _a76538 | ||
| 100 | _a20260513d2024 m||y0pory50030103ba | ||
| 101 | 1 |
_apor _ceng |
|
| 102 | _aPT | ||
| 200 | 1 |
_aPorque nos sentimos mal quando tudo corre bem? _eUma perspetiva neurológica acerca da nossa busca da felicidade _fAnders Hansen _gtrad. Luís Santos |
|
| 210 | 9 |
_aLisboa _cPlaneta _d2024 |
|
| 215 | _a191 p. | ||
| 304 | _aTit. orig. : The happiness cure | ||
| 320 | _aInclui bibliografia p.173-180 | ||
| 675 |
_a616.89-008.44(035) _vBN _zpor |
||
| 675 |
_a159.942(035) _vBN _zpor |
||
| 675 |
_a613.7(035) _vBN _zpor |
||
| 702 |
_aSantos _bLuís _941274 _4730 |
||
| 801 | 0 |
_aPT _bBN _gRPC |
|
| 942 |
_n0 _cMON |
||